| 000 | 01301nam a2200289Ia 4500 | ||
|---|---|---|---|
| 001 | 18802 | ||
| 005 | 20260417181657.0 | ||
| 008 | 260306s9999||||xx |||||||||||||| ||und|| | ||
| 020 | _a9786071507587 | ||
| 041 | _aESP | ||
| 082 |
_a658.72 _bJ67 |
||
| 100 |
_aJohnson, P. Fraser _eAUT |
||
| 245 | 0 | _aAdministración de compras y abastecimientos | |
| 250 | _aDecimocuarta edición | ||
| 260 |
_aMéxico, D.F. : _bMcGraw-Hill/Interamericana Editores, _c2012 |
||
| 300 |
_axvii, 457 páginas : _bcuadros, diagramas ; _c27 cm. |
||
| 650 | _aTCA | ||
| 653 | _aAdministración de compras; Administración de costos, Estrategia de suministro | ||
| 654 | _aCAN | ||
| 700 |
_aLeenders, Michiel R. _eAUT |
||
| 700 |
_aFlynn, Anna E. _eAUT |
||
| 856 |
_uhttps://itmsp.museknowledge.com/UCSP?url=https://www.ebooks7-24.com:443/?il=286&pg=1 _zVersión digital |
||
| 856 |
_uhttps://0u213wxfr-y-https-ebooks7--24-com.itmsp.museknowledge.com/biblioteca.aspx _zVéase además: Base de datos Ebook7-24 |
||
| 856 |
_uhttps://0u20ywxfu-y-https-www-bibliotechnia-com-mx.itmsp.museknowledge.com/ _zVéase además: Base de datos BiblioTechnia |
||
| 856 |
_uhttps://0u20fwxfw-y-https-research-ebsco-com.itmsp.museknowledge.com/c/qxo6us/search _zVéase además: Base de datos EBSCOhost |
||
| 942 |
_cLIB _dJUS _fMAT _2ddc |
||
| 999 |
_c18802 _d18802 |
||